Recherches sur le traitement du cancer, par la compression méthodique simple ou combinée, et sur l'histoire générale de la même maladie; suivies de notes 1° Sur les forces et la dynamétrie vitales; 2° Sur l'inflammation et l'état ferrile / par J. C. A. Récamier, médecin de l'Hôtel-Dieu de Paris, chevalier de l'Ordre Royal de France, professeur de médecine au College Royal de France, professeur de clinique médicale á la Faculté de Médecine, membre de l'Académie Royale de Médecine, etc. etc.

Detalles Bibliográficos
Autor principal: Récamier, Joseph Claude Anthelme
Otros Autores: Gabon, Joseph, 1789 ?-1810, ed
Formato: Libro
Lenguaje:French
Publicado: Paris : chez Gabon, libraire-éditeur, rue de l'École-de-Médecine, n° 10 ; Montpellier : même maison ; Bruxelles : au dépôt de librairie medicale française, 1829.
Materias:
Colección:Banco de datos
Acervo:Universidad Autónoma Benito Juárez de Oaxaca. Biblioteca Francisco de Burgoa. Colección antigua
Descripción Física:2 t. ; 8°
Tema general:Medicina
Notas:Portada tipográfica con pleca en grabado xilográfico. Texto a renglón seguido con paginación en números arábigos y romanos, notas a pie de página y signaturas. Cada tomo con portada y numeración propias. Año de los t. 1-2 publicados en 1829. Paginación: t. 1 12, XVIII, 19-560 p.; t. 2 731 p., [7] h. Encuadernación en cartón con lomo en piel (14868, 14869). Marca de fuego: Casa del Noviciado de la Compañía de Jesús de Oaxaca, Oax. (14868, 14869)
LEADER 01795nam a22001930004500
035 |a 4527 
041 0 |a fre 
100 1 |a Récamier, Joseph Claude Anthelme 
245 1 0 |a Recherches sur le traitement du cancer, par la compression méthodique simple ou combinée, et sur l'histoire générale de la même maladie; suivies de notes 1° Sur les forces et la dynamétrie vitales; 2° Sur l'inflammation et l'état ferrile / par J. C. A. Récamier, médecin de l'Hôtel-Dieu de Paris, chevalier de l'Ordre Royal de France, professeur de médecine au College Royal de France, professeur de clinique médicale á la Faculté de Médecine, membre de l'Académie Royale de Médecine, etc. etc. 
260 |a Paris : chez Gabon, libraire-éditeur, rue de l'École-de-Médecine, n° 10 ; Montpellier : même maison ; Bruxelles : au dépôt de librairie medicale française, 1829. 
300 |a 2 t. ; 8° 
500 |a Portada tipográfica con pleca en grabado xilográfico. Texto a renglón seguido con paginación en números arábigos y romanos, notas a pie de página y signaturas. Cada tomo con portada y numeración propias. Año de los t. 1-2 publicados en 1829. Paginación: t. 1 12, XVIII, 19-560 p.; t. 2 731 p., [7] h. Encuadernación en cartón con lomo en piel (14868, 14869). Marca de fuego: Casa del Noviciado de la Compañía de Jesús de Oaxaca, Oax. (14868, 14869) 
504 |a Al final de cada tomo está el índice de materias 
650 1 0 |a Medicina 
700 1 |a Gabon, Joseph, 1789 ?-1810, ed. 
852 |a Universidad Autónoma "Benito Juárez" de Oaxaca, Biblioteca Francisco de Burgoa, Colección antigua t. 1 (14868); t. 2 (14869) 
942 |c BURANT 
943 |g Universidad Autónoma Benito Juárez de Oaxaca. Biblioteca Francisco de Burgoa. Colección antigua 
999 |c 1115538  |d 1115538